| 000 | 00388nam a2200145Ia 4500 | ||
|---|---|---|---|
| 008 | 150301s2003 xx 000 0 und d | ||
| 082 |
_a617.525 _bC2003P |
||
| 100 | _aPETERSON ,SENIOR | ||
| 245 | _aCONTEMPORARY ORAL AND MAXILLOFACIAL SURGERY | ||
| 250 | _a4TH | ||
| 260 |
_bELSEVIER PUBLICATION _aST.LOUIS MISSOURI _c2003 |
||
| 300 | _a1-776 | ||
| 650 | _aORAL SURGERY | ||
| 942 |
_2ddc _cBK |
||
| 999 |
_c6888 _d6888 |
||